[Event "POR Cup Teams 2018-19"]
[Site "Maia"]
[Date "2019.07.13"]
[Round "4"]
[White "Santos Latasa, Jaime"]
[Black "Kurylski, Leonardo Tavares"]
[Result "1-0"]
[WhiteElo "2594"]
[BlackElo "1982"]
[Annotator "TA"]
[PlyCount "35"]
[EventDate "2018.05.05"]
[EventType "team-tourn"]
[EventCountry "POR"]
[SourceTitle "playchess.com"]
[Source "ChessBase"]
[SourceQuality "1"]

{[%evp 12,81,33,33,56,59,59,73,74,59,68,62,65,65,80,52,104,114,131,128,125,100,121,136,149,100,94,94,93,95,101,97,103,100,106,102,153,158,149,160,185,193,204,107,127,105,129,129,143,125,135,100,214,227,274,287,284,247,270,232,231,230,205,239,219,211,467,247,631,620,873,862]} 1. Nf3 b6 2. g3 Bb7 3. Bg2 g6 4. O-O Bg7 5. c4 e6 6. Nc3 Ne7 7. d4 d6 {A04: Unusual lines after 1 Nf3 and King's Indian Attack} (7... d5 8. cxd5 exd5 9. Bf4 O-O 10. Nb5 Na6 11. Rc1 c6 12. Nd6 Bc8 13. Qa4 Nc7 14. Nxc8 Rxc8 15. Bh3 {0-1 (28) Fridman,D (2649)-Edouard,R (2636) Berlin 2015}) 8. e4 Nd7 9. Re1 O-O {White is better.} 10. Be3 e5 $146 ({Predecessor:} 10... a6 11. Qd2 Re8 12. Bh6 Bh8 13. b4 Nf6 14. h3 Nd7 15. Rad1 {½-½ (123) Galliamova,A (2432)-Nakhbayeva,G (2367) Khanty-Mansiysk 2018}) 11. Qd2 exd4 12. Nxd4 Nc5 13. Rad1 Qd7 (13... Nc6 $14) 14. Bh6 $16 Ne6 15. Bxg7 Nxg7 16. Qh6 f6 17. Bh3 Qd8 18. f4 {Played: Qh6xg7} 1-0

[Event "POR Cup Teams 2018-19"]
[Site "Maia"]
[Date "2019.07.13"]
[Round "4"]
[White "Spraggett, Kevin Barry"]
[Black "Wegerle, Joerg"]
[Result "1-0"]
[WhiteElo "2513"]
[BlackElo "2411"]
[Annotator "TA"]
[PlyCount "131"]
[EventDate "2018.05.05"]
[EventType "team-tourn"]
[EventCountry "POR"]
[SourceTitle "playchess.com"]
[Source "ChessBase"]
[SourceQuality "1"]

{[%evp 15,131,31,31,27,31,31,29,20,20,14,12,23,12,15,15,16,39,8,12,12,12,7,9,0,4,6,35,7,46,52,81,28,56,0,92,46,98,17,70,99,81,48,59,55,47,57,145,144,159,158,148,139,166,159,173,130,159,158,158,154,146,116,210,85,104,85,85,85,255,255,239,19,19,0,0,0,0,0,0,0,0,0,0,0,284,284,270,194,358,351,351,338,350,335,591,227,228,0,590,583,584,582,692,688,692,692,591,503,583,361,583,550,1177,1121,1050,1048,595,460]} 1. e4 e5 2. Nf3 Nf6 3. Nxe5 d6 4. Nf3 Nxe4 5. Nc3 Nxc3 6. dxc3 Be7 7. Be3 Nc6 8. Qd2 Be6 9. O-O-O {C42: Petroff Defence: 3 Nxe5 and unusual White 3rd moves} Qd7 ({Avoid the trap} 9... Bxa2 $2 10. b3 $18) 10. Kb1 Bf6 11. Bg5 {White has an edge.} Bxg5 12. Nxg5 O-O-O 13. Nxe6 Qxe6 14. g3 Rhe8 15. Bg2 {[#]} Qf5 $146 ({Predecessor:} 15... g6 16. Qf4 Re7 {½-½ (43) Saric,I (2625)-Smeets,J (2613) Germany 2012}) 16. f4 Re7 17. Rhe1 Rde8 $1 18. Rxe7 Rxe7 19. Re1 Rxe1+ 20. Qxe1 Kd7 21. b3 Qc5 22. Kb2 a5 23. a4 (23. Qe2 $16) 23... b6 24. Qd1 (24. Bh3+ $14 Kd8 25. Qe4) 24... Qf5 (24... g6 $1 $11) 25. Bf3 {aiming for Bg4.} Qc5 (25... Qg6 $14) 26. Bd5 (26. Qf1 $1 $16) 26... Nd8 (26... Ke8 $1 $11) 27. Qg4+ Ke8 28. Be4 (28. Bc4 {with more complications.} g6 29. Qh3 d5 30. Bb5+ c6 31. Bd3) 28... g6 $1 {Hoping for ...f5.} 29. Bd3 d5 30. f5 Qe7 ({Black should play} 30... Qd6 $14) 31. Qd4 $16 ({Much worse is} 31. fxg6 $6 hxg6 32. Qd4 Qc5 $11) 31... Qd6 {[#]} 32. Qh8+ $1 Ke7 33. Qxh7 {[%cal Rf5g6]} ({Much weaker is} 33. fxg6 $6 hxg6 34. Qd4 Nc6 $11) 33... g5 34. Qh5 Qf6 35. Qf3 Kd6 36. h4 Nc6 37. h5 Ne5 38. Qe2 c5 (38... Ke7 $16 {might work better.} 39. Qd2 Kd6) 39. g4 (39. Ba6 $18 {has better winning chances.}) 39... Ke7 40. Kb1 Kf8 41. c4 Qd6 $2 (41... d4 $16) 42. cxd5 $18 Qxd5 {[#]} 43. Bb5 $2 (43. f6 $1 $18 {Qh2 is the strong threat.} Qd6 44. Bf5) 43... Qd4 $11 44. h6 {Black must now prevent f6.} Kg8 45. Qg2 {Threatens to win with Qa8+.} Kh7 46. Qa8 $36 {[%mdl 2048] Black is under pressure.} Qd1+ 47. Kb2 {White wants to mate with Qf8.} Qd4+ 48. Ka2 {White threatens Qf8 and mate.} Nxg4 49. f6 $1 {[%mdl 64] Deflection} Qxf6 $2 {[%mdl 8192]} (49... Ne5 $1 $11 {and Black has nothing to worry.}) 50. Bd3+ $18 Kxh6 {Strongly threatening ...Nf2.} 51. Qe4 {[%csl Gd3][%cal Re4h7]} Kh5 $2 (51... Kg7 {was called for.}) 52. Qh1+ Nh2 53. Qxh2+ Kg4 54. Bb5 Qd4 $2 (54... Kf5 55. Bd3+ Kg4) 55. Qg2+ $2 (55. Be2+ Kf5 56. Qh7+ Kf4 57. Qxf7+ Ke3 58. Qf3+ Kd2 59. Bd3) 55... Kh4 56. Qh2+ $2 (56. Qc6) 56... Kg4 57. Be2+ Kf5 58. Qh7+ Kf6 59. Bc4 g4 60. Qxf7+ Kg5 61. Qe7+ Kf4 62. Qh4 Qc3 $2 (62... Kf3 {was necessary.} 63. Qh1+ Kg3) 63. Bd3 {White is clearly winning.} c4 64. Qf2+ Kg5 65. Qf5+ Kh4 66. Bxc4 {Accuracy: White = 49%, Black = 39%.} 1-0

[Event "POR Cup Teams 2018-19"]
[Site "Maia"]
[Date "2019.07.13"]
[Round "4"]
[White "Hammes, Michael Florian"]
[Black "Fernandes, Antonio"]
[Result "1/2-1/2"]
[WhiteElo "2342"]
[BlackElo "2376"]
[Annotator "ChessBase"]
[PlyCount "50"]
[EventDate "2018.05.05"]
[EventType "team-tourn"]
[EventCountry "POR"]
[SourceTitle "playchess.com"]
[Source "ChessBase"]
[SourceQuality "1"]
[TimeControl "5400+30"]

1. d4 {[%emt 0:00:00]} Nf6 {[%emt 0:00:03]} 2. c4 {[%emt 0:00:01]} c6 {[%emt 0:01:13]} 3. Nf3 {[%emt 0:01:57]} d5 {[%emt 0:00:25]} 4. Nc3 {[%emt 0:01:43]} e6 {[%emt 0:02:54]} 5. Bg5 {[%emt 0:02:45]} Be7 {[%emt 0:03:11]} 6. e3 {[%emt 0:00:26]} Nbd7 {[%emt 0:00:16]} 7. cxd5 {[%emt 0:00:23]} exd5 {[%emt 0:00:58]} 8. Qc2 {[%emt 0:00:23]} Nf8 {[%emt 0:00:17]} 9. Bd3 {[%emt 0:06:08]} Ne6 {[%emt 0:01:26]} 10. Bxf6 {[%emt 0:01:33]} Bxf6 {[%emt 0:00:04]} 11. O-O {[%emt 0:00:14]} g6 {[%emt 0:01:56]} 12. b4 {[%emt 0:00:46]} a6 {[%emt 0:04:51]} 13. a4 {[%emt 0:01:20]} O-O {[%emt 0:00:26]} 14. Rab1 {[%emt 0:10:37]} Qd6 {[%emt 0:18:04]} 15. a5 {[%emt 0:07:39]} Bd7 {[%emt 0:11:23]} 16. Na4 {[%emt 0:05:31]} Rae8 {[%emt 0:01:53]} 17. Nc5 {[%emt 0:00:58]} Bc8 {[%emt 0:00:25]} 18. Nd2 {[%emt 0:03:34]} Bd8 {[%emt 0:07:31]} 19. Nxe6 {[%emt 0:03:43]} Bxe6 {[%emt 0:05:33]} 20. Nb3 {[%emt 0:00:49]} Re7 {[%emt 0:01:40]} 21. Qc5 {[%emt 0:05:14]} Bc7 {[%emt 0:00:45]} 22. Qxd6 {[%emt 0:02:21]} Bxd6 {[%emt 0:00:03]} 23. Nc5 {[%emt 0:00:10]} Rfe8 {[%emt 0:02:54]} 24. Rfe1 {[%emt 0:02:14]} Bc8 {[%emt 0:03:56]} 25. Rb2 {[%emt 0:02:52]} Kg7 {[%emt 0:00:17]} 1/2-1/2

[Event "POR Cup Teams 2018-19"]
[Site "Maia"]
[Date "2019.07.13"]
[Round "4"]
[White "Diogo, Vasco"]
[Black "Carneiro, Carlos"]
[Result "1-0"]
[WhiteElo "2204"]
[BlackElo "2135"]
[Annotator "ChessBase"]
[PlyCount "81"]
[EventDate "2018.05.05"]
[EventType "team-tourn"]
[EventCountry "POR"]
[SourceTitle "playchess.com"]
[Source "ChessBase"]
[SourceQuality "1"]
[TimeControl "5400+30"]

1. e4 {[%emt 0:00:00]} c5 {[%emt 0:00:00]} 2. Nf3 {[%emt 0:00:00]} Nc6 {[%emt 0:00:23]} 3. g3 g6 {[%emt 0:00:22]} 4. Bg2 {[%emt 0:01:38]} Bg7 {[%emt 0:00:07]} 5. O-O {[%emt 0:00:10]} d6 {[%emt 0:01:01]} 6. c3 {[%emt 0:02:21]} e6 {[%emt 0:07:20]} 7. d4 {[%emt 0:02:37]} cxd4 {[%emt 0:00:55]} 8. cxd4 {[%emt 0:00:06]} Nge7 {[%emt 0:00:09]} 9. Nc3 {[%emt 0:05:00]} d5 {[%emt 0:03:34]} 10. e5 {[%emt 0:02:46]} O-O {[%emt 0:05:45]} 11. Bf4 {[%emt 0:02:51]} h6 {[%emt 0:01:04]} 12. h4 {[%emt 0:01:06]} Nf5 {[%emt 0:00:07]} 13. Qd2 {[%emt 0:07:07]} Kh7 {[%emt 0:01:47]} 14. Rfe1 {[%emt 0:07:27]} b5 {[%emt 0:16:30]} 15. Rad1 {[%emt 0:11:43]} Rb8 {[%emt 0:02:45]} 16. Bf1 {[%emt 0:03:17]} a6 {[%emt 0:06:06]} 17. Kg2 {[%emt 0:03:53]} f6 {[%emt 0:16:25]} 18. exf6 {[%emt 0:01:13]} Qxf6 {[%emt 0:01:46]} 19. Bxb8 {[%emt 0:03:27]} Nxb8 {[%emt 0:00:22]} 20. Ne5 {[%emt 0:03:03]} Nd7 {[%emt 0:01:30]} 21. f4 {[%emt 0:07:06]} Nxe5 {[%emt 0:14:27]} 22. dxe5 {[%emt 0:02:16]} Qe7 {[%emt 0:00:15]} 23. Ne2 {[%emt 0:02:14]} d4 {[%emt 0:00:32]} 24. Nxd4 {[%emt 0:02:49]} Rd8 {[%emt 0:07:51]} 25. Qf2 {[%emt 0:01:15]} Bb7+ {[%emt 0:05:09]} 26. Kg1 {[%emt 0:00:52]} Rc8 {[%emt 0:04:30]} 27. Bg2 {[%emt 0:01:20]} Bf8 {[%emt 0:00:31]} 28. Nxf5 {[%emt 0:05:18]} gxf5 {[%emt 0:00:05]} 29. Re2 {[%emt 0:00:39]} Qf7 {[%emt 0:01:11]} 30. Kh2 {[%emt 0:03:09]} Bc5 {[%emt 0:00:51]} 31. Qf1 {[%emt 0:00:02]} Rg8 {[%emt 0:00:37]} 32. Bxb7 {[%emt 0:01:27]} Qxb7 {[%emt 0:00:22]} 33. Red2 {[%emt 0:00:54]} Rg7 {[%emt 0:00:08]} 34. Qg2 {[%emt 0:00:26]} Qa7 {[%emt 0:00:11]} 35. Qf3 {[%emt 0:02:14]} Be3 {[%emt 0:00:58]} 36. Re2 {[%emt 0:01:08]} Bd4 {[%emt 0:00:20]} 37. Qc6 {[%emt 0:02:47]} Bf2 {[%emt 0:01:29]} 38. Rd3 {[%emt 0:01:11]} Bg1+ {[%emt 0:00:13]} 39. Kg2 {[%emt 0:02:18]} Re7 {[%emt 0:00:52]} 40. Red2 {[%emt 0:00:21]} Rg7 {[%emt 0:00:58]} 41. Rd7 {[%emt 0:01:32]} 1-0

[Event "POR Cup Teams 2018-19"]
[Site "Maia"]
[Date "2019.07.13"]
[Round "4"]
[White "Martins, Bruno Andre Leite"]
[Black "Figueiredo, Mario"]
[Result "1-0"]
[WhiteElo "2177"]
[BlackElo "1959"]
[Annotator "ChessBase"]
[PlyCount "68"]
[EventDate "2018.05.05"]
[EventType "team-tourn"]
[EventCountry "POR"]
[SourceTitle "playchess.com"]
[Source "ChessBase"]
[SourceQuality "1"]
[TimeControl "5400+30"]

1. e4 {[%emt 0:00:00]} Nf6 {[%emt 0:00:00]} 2. e5 {[%emt 0:00:00]} Nd5 {[%emt 0:00:00]} 3. d4 {[%emt 0:00:19]} d6 {[%emt 0:00:08]} 4. Nf3 {[%emt 0:00:15]} Bg4 {[%emt 0:04:26]} 5. Bc4 {[%emt 0:02:38]} e6 {[%emt 0:03:33]} 6. h3 {[%emt 0:04:43]} Bh5 {[%emt 0:07:37]} 7. Qe2 {[%emt 0:00:50]} Nb6 {[%emt 0:03:47]} 8. Bb5+ {[%emt 0:17:34]} c6 {[%emt 0:06:43]} 9. Bd3 {[%emt 0:00:56]} N8d7 {[%emt 0:08:49]} 10. exd6 {[%emt 0:20:10]} Bxd6 {[%emt 0:01:59]} 11. Nbd2 {[%emt 0:05:05]} Qc7 {[%emt 0:06:18]} 12. c4 {[%emt 0:09:52]} Be7 {[%emt 0:12:07]} 13. Ne4 {[%emt 0:10:31]} O-O-O {[%emt 0:11:19]} 14. Be3 {[%emt 0:15:00]} c5 {[%emt 0:06:57]} 15. g4 {[%emt 0:02:59]} Bg6 {[%emt 0:00:49]} 16. Rd1 {[%emt 0:04:04]} Rhe8 {[%emt 0:06:47]} 17. Nc3 {[%emt 0:02:03]} Bxd3 {[%emt 0:01:17]} 18. Qxd3 {[%emt 0:00:41]} cxd4 {[%emt 0:03:24]} 19. Nb5 {[%emt 0:00:23]} Qb8 {[%emt 0:03:46]} 20. Qxd4 {[%emt 0:00:08]} Nc5 {[%emt 0:02:36]} 21. Qf4 {[%emt 0:01:35]} Rxd1+ {[%emt 0:02:02]} 22. Kxd1 {[%emt 0:00:09]} Rd8+ {[%emt 0:01:13]} 23. Ke2 {[%emt 0:00:37]} a6 {[%emt 0:01:41]} 24. Qxf7 {[%emt 0:00:41]} axb5 {[%emt 0:01:57]} 25. Qxe7 {[%emt 0:00:08]} Ncd7 {[%emt 0:02:10]} 26. Bxb6 {[%emt 0:00:46]} Nxb6 {[%emt 0:00:08]} 27. Qxe6+ {[%emt 0:00:32]} Nd7 {[%emt 0:00:41]} 28. cxb5 {[%emt 0:00:16]} Qa7 {[%emt 0:00:47]} 29. Rc1+ {[%emt 0:00:46]} Kb8 {[%emt 0:00:01]} 30. Qd6+ {[%emt 0:00:23]} Ka8 {[%emt 0:00:11]} 31. Rc3 {[%emt 0:00:32]} Re8+ {[%emt 0:00:36]} 32. Kf1 {[%emt 0:00:14]} Nb6 {[%emt 0:00:35]} 33. Ra3 {[%emt 0:00:25]} Na4 {[%emt 0:00:07]} 34. Qf4 {[%emt 0:00:41]} Rh8 1-0

[Event "POR Cup Teams 2018-19"]
[Site "Maia"]
[Date "2019.07.13"]
[Round "4"]
[White "Reis, Luis Sousa"]
[Black "Taboas Rodriguez, Daniel"]
[Result "0-1"]
[WhiteElo "2156"]
[BlackElo "2348"]
[Annotator "ChessBase"]
[PlyCount "70"]
[EventDate "2018.05.05"]
[EventType "team-tourn"]
[EventCountry "POR"]
[SourceTitle "playchess.com"]
[Source "ChessBase"]
[SourceQuality "1"]
[TimeControl "5400+30"]

1. d4 {[%emt 0:05:03]} Nf6 {[%emt 0:00:00]} 2. c4 {[%emt 0:00:56]} g6 {[%emt 0:00:00]} 3. Nc3 {[%emt 0:00:44]} Bg7 {[%emt 0:00:00]} 4. e4 {[%emt 0:00:38]} d6 {[%emt 0:00:00]} 5. f4 {[%emt 0:00:59]} O-O {[%emt 0:00:00]} 6. Nf3 {[%emt 0:00:48]} Na6 {[%emt 0:00:01]} 7. Bd3 {[%emt 0:02:02]} e5 {[%emt 0:00:16]} 8. fxe5 {[%emt 0:02:23]} dxe5 {[%emt 0:00:03]} 9. d5 {[%emt 0:01:38]} Nc5 {[%emt 0:00:20]} 10. O-O {[%emt 0:04:43]} Nxd3 {[%emt 0:04:09]} 11. Qxd3 {[%emt 0:00:13]} Qe7 {[%emt 0:00:18]} 12. Bg5 {[%emt 0:21:52]} h6 {[%emt 0:00:29]} 13. Bxf6 {[%emt 0:00:11]} Bxf6 {[%emt 0:03:22]} 14. Qe3 {[%emt 0:00:38]} Bg7 {[%emt 0:05:41]} 15. c5 {[%emt 0:00:50]} f5 {[%emt 0:00:50]} 16. Rad1 {[%emt 0:09:46]} f4 {[%emt 0:09:26]} 17. Qf2 {[%emt 0:02:01]} Qf7 {[%emt 0:01:42]} 18. Rd2 {[%emt 0:04:09]} g5 {[%emt 0:00:58]} 19. Rfd1 {[%emt 0:00:39]} Bd7 {[%emt 0:03:47]} 20. b4 {[%emt 0:04:53]} a6 {[%emt 0:04:53]} 21. a4 {[%emt 0:07:30]} g4 {[%emt 0:13:10]} 22. Ne1 {[%emt 0:02:41]} Qg6 {[%emt 0:09:05]} 23. c6 {[%emt 0:07:01]} g3 {[%emt 0:05:51]} 24. Qc5 {[%emt 0:04:52]} bxc6 {[%emt 0:10:59]} 25. dxc6 {[%emt 0:01:48]} Bg4 {[%emt 0:00:20]} 26. Nd5 {[%emt 0:04:33]} Qh5 27. Nf3 {[%emt 0:04:56]} gxh2+ {[%emt 0:19:35]} 28. Kh1 {[%emt 0:00:09]} Bxf3 {[%emt 0:00:04]} 29. gxf3 {[%emt 0:00:07]} Qxf3+ {[%emt 0:00:02]} 30. Kxh2 {[%emt 0:00:11]} Qg3+ {[%emt 0:01:44]} 31. Kh1 {[%emt 0:00:06]} Qh3+ {[%emt 0:00:07]} 32. Kg1 {[%emt 0:00:26]} Rf7 {[%emt 0:00:44]} 33. Ne7+ {[%emt 0:03:11]} Kh7 {[%emt 0:00:24]} 34. Rd7 {[%emt 0:01:29]} Bf8 {[%emt 0:05:19]} 35. Qxe5 {[%emt 0:02:32]} Bxe7 {[%emt 0:00:33]} 0-1

[Event "POR Cup Teams 2018-19"]
[Site "Maia"]
[Date "2019.07.13"]
[Round "4"]
[White "Martins, Andre Gomes Brito"]
[Black "Perez Candelario, Manuel"]
[Result "0-1"]
[WhiteElo "2091"]
[BlackElo "2628"]
[Annotator "TA"]
[PlyCount "90"]
[EventDate "2018.05.05"]
[EventType "team-tourn"]
[EventCountry "POR"]
[SourceTitle "playchess.com"]
[Source "ChessBase"]
[SourceQuality "1"]

{[%evp 17,90,-27,14,-12,-16,-29,-47,-39,-7,-48,0,0,-3,-31,-39,-38,-35,-38,-19,-87,-77,-87,-31,-26,-13,-113,-97,-124,-74,-102,-85,-98,-93,-97,-63,-403,-395,-493,-483,-535,-514,-543,-522,-529,-547,-535,-541,-503,-524,-529,-506,-518,-469,-483,-479,-562,-588,-602,-596,-693,-684,-29991,-2331,-1797,-670,-2186,-1710,-1817,-1060,-4678,-3445,-29989,-29990,-29990,-7247]} 1. e4 c5 2. Nc3 g6 3. g3 Bg7 4. Bg2 Nc6 5. Nf3 d6 6. O-O e5 7. d3 Nge7 8. Be3 O-O 9. Qd2 f5 10. Bh6 {B26: Closed Sicilian: 3 g3, lines with early Be3} (10. exf5 Bxf5 11. Bh6 Qd7 12. Bxg7 Kxg7 13. Nh4 Bh3 14. f4 Bxg2 15. Nxg2 Nf5 16. Rae1 Rae8 17. Nd5 Qf7 {½-½ (31) Ding,Y (2424)-Voit,D (2390) Riadh 2017}) 10... f4 11. Bxg7 $1 Kxg7 12. Ne2 {[%cal Rg3f4] Black is slightly better.} Bg4 13. c3 {[%cal Rg3f4]} Bxf3 (13... d5 $5 {[%cal Rd5e4]} 14. h3 Bxf3 15. Bxf3 Qd6 $15) 14. Bxf3 {[%cal Rg3f4]} g5 15. gxf4 exf4 16. d4 Qc8 $146 ({Predecessor:} 16... Ng6 17. Kh1 Qe7 {0-1 (51) Mohamed,T (2000)-Yasseen,A (2265) Cairo 2016}) 17. Kh1 $1 {White wants to play Rg1.} Qh3 18. Bg2 (18. Ng1 $11 Qh4 19. Qd1) 18... Qh5 $17 19. f3 Rad8 ({Black should try} 19... d5 $17 {Threatens to win with ...dxe4.} 20. b4 dxe4 21. bxc5 Nf5 22. fxe4 Ne3) 20. b4 $1 $15 b6 21. a4 (21. Qb2 $11 {keeps the balance.}) 21... d5 $17 22. bxc5 dxe4 23. cxb6 {[#]} Ne5 $1 {[%cal Re4f3,Bc6e5,Be5g4,Bg4e3][%mdl 544]} 24. fxe4 (24. dxe5 Rxd2) 24... Ng4 {[%csl Gg4][%cal Rh5h2]} ({Much weaker is} 24... axb6 $6 25. Nxf4 gxf4 26. Rxf4 $11) 25. h3 {[%cal Re2f4] [#] Hoping for Nxf4!} Ne3 $1 $40 {[%cal Re3g2][%mdl 128] Black is up to no good.} 26. Rf3 $2 {[%mdl 8192]} (26. Ng1 $15 axb6 27. Rfe1) 26... Nxg2 $19 27. Kxg2 Ng6 {White must now prevent ...Nh4+.} 28. Ng1 Nh4+ {[%mdl 64] Double Attack} 29. Kf2 {intending Rd3.} Nxf3 30. Nxf3 {White hopes to continue with Rg1.} Qxh3 {...Qg3+ is the strong threat.} 31. Rg1 g4 32. Ne5 Qh2+ 33. Rg2 g3+ 34. Kf1 Qh1+ 35. Rg1 Qxe4 36. bxa7 Rde8 ({Avoid the trap} 36... Qxe5 $2 37. a8=Q $18) 37. Qd1 Kh8 38. a5 Re7 39. Qh5 Rb7 (39... f3 $142 40. Nf7+ Rfxf7 41. a8=Q+ Qxa8 42. Rxg3 Qe4 43. Rg8+ Kxg8 44. Kg1 Qe1+ {[%mdl 64] Double Attack} 45. Kh2 Re2+ 46. Kh3 Qh1+ 47. Kg4 Rg2#) 40. Nf3 Rxa7 (40... Rb1+ $142 41. Kg2 Qe2+ 42. Kh3 Rxg1 {[%mdl 64] Pin} 43. Qe5+ Qxe5 44. Nxe5 Ra8 45. Nf7+ {[#]} Kg8 $1 {[%mdl 512]} 46. Nh6+ Kg7) 41. Kg2 Qc2+ 42. Kh1 Qxc3 43. Qe5+ Rg7 44. Ng5 Qc2 {[%csl Gg3][%cal Rc2h2]} 45. Rg2 Qd1+ {Accuracy: White = 32%, Black = 66%.} 0-1

[Event "POR Cup Teams 2018-19"]
[Site "Maia"]
[Date "2019.07.13"]
[Round "4"]
[White "Turta, Stelian"]
[Black "Dias, Paulo"]
[Result "0-1"]
[WhiteElo "1930"]
[BlackElo "2309"]
[Annotator "ChessBase"]
[PlyCount "118"]
[EventDate "2018.05.05"]
[EventType "team-tourn"]
[EventCountry "POR"]
[SourceTitle "playchess.com"]
[Source "ChessBase"]
[SourceQuality "1"]
[TimeControl "5400+30"]

1. d4 {[%emt 0:00:00]} d6 {[%emt 0:01:02]} 2. Bf4 {[%emt 0:00:49]} g6 {[%emt 0:02:12]} 3. h3 {[%emt 0:03:33]} Bg7 {[%emt 0:00:52]} 4. Nf3 {[%emt 0:00:16]} Nc6 {[%emt 0:04:30]} 5. c3 {[%emt 0:06:03]} e5 {[%emt 0:03:22]} 6. dxe5 {[%emt 0:00:29]} dxe5 {[%emt 0:04:23]} 7. Qxd8+ {[%emt 0:00:05]} Kxd8 {[%emt 0:00:12]} 8. Bg5+ {[%emt 0:01:16]} f6 {[%emt 0:04:32]} 9. Bd2 {[%emt 0:05:17]} e4 {[%emt 0:15:31]} 10. Nd4 {[%emt 0:00:45]} Nge7 {[%emt 0:01:34]} 11. e3 {[%emt 0:04:08]} f5 {[%emt 0:09:33]} 12. Bb5 {[%emt 0:02:17]} Ne5 {[%emt 0:02:37]} 13. Na3 {[%emt 0:01:49]} c5 {[%emt 0:01:07]} 14. Nb3 {[%emt 0:01:42]} b6 {[%emt 0:00:46]} 15. Be2 {[%emt 0:05:08]} Be6 {[%emt 0:04:35]} 16. Rd1 {[%emt 0:02:10]} a6 {[%emt 0:01:58]} 17. c4 {[%emt 0:06:24]} Kc7 {[%emt 0:03:28]} 18. Bc3 {[%emt 0:01:40]} N7c6 {[%emt 0:03:07]} 19. f4 {[%emt 0:01:33]} exf3 {[%emt 0:00:44]} 20. gxf3 {[%emt 0:00:16]} Rhg8 {[%emt 0:02:38]} 21. f4 {[%emt 0:00:28]} Nf7 {[%emt 0:01:29]} 22. Bxg7 {[%emt 0:00:20]} Rxg7 {[%emt 0:00:02]} 23. Bf3 {[%emt 0:00:01]} Nd6 {[%emt 0:01:40]} 24. Nd2 {[%emt 0:00:53]} Re8 {[%emt 0:02:14]} 25. Bxc6 {[%emt 0:00:07]} Kxc6 {[%emt 0:00:17]} 26. Nf3 {[%emt 0:00:15]} Nxc4 {[%emt 0:07:19]} 27. Nxc4 {[%emt 0:00:12]} Bxc4 {[%emt 0:00:06]} 28. Ne5+ {[%emt 0:00:18]} Rxe5 {[%emt 0:02:41]} 29. fxe5 {[%emt 0:00:12]} Bxa2 {[%emt 0:01:03]} 30. Rd6+ {[%emt 0:00:43]} Kb5 {[%emt 0:00:47]} 31. Kf2 {[%emt 0:01:32]} Re7 {[%emt 0:01:33]} 32. Ra1 {[%emt 0:01:18]} Bc4 {[%emt 0:00:50]} 33. h4 {[%emt 0:05:00]} Rxe5 {[%emt 0:00:39]} 34. h5 {[%emt 0:00:46]} f4 {[%emt 0:00:57]} 35. hxg6 {[%emt 0:02:46]} fxe3+ {[%emt 0:00:17]} 36. Kf3 {[%emt 0:00:29]} hxg6 {[%emt 0:00:21]} 37. Rxg6 {[%emt 0:00:36]} e2 {[%emt 0:00:23]} 38. Re1 {[%emt 0:00:51]} a5 {[%emt 0:02:26]} 39. Kf2 {[%emt 0:04:02]} a4 {[%emt 0:00:26]} 40. Rg4 {[%emt 0:02:26]} Kb4 {[%emt 0:00:49]} 41. Rc1 {[%emt 0:00:02]} b5 {[%emt 0:00:29]} 42. Rg3 {[%emt 0:00:25]} Rf5+ {[%emt 0:01:01]} 43. Rf3 {[%emt 0:00:37]} Rxf3+ {[%emt 0:00:22]} 44. Kxf3 {[%emt 0:00:01]} Kb3 {[%emt 0:00:16]} 45. Ke3 {[%emt 0:00:44]} Kxb2 {[%emt 0:00:16]} 46. Kd2 {[%emt 0:00:01]} a3 {[%emt 0:00:44]} 47. Rc2+ {[%emt 0:00:03]} Kb3 {[%emt 0:00:08]} 48. Rc3+ {[%emt 0:00:10]} Kb4 {[%emt 0:00:07]} 49. Rc1 {[%emt 0:00:17]} a2 {[%emt 0:00:10]} 50. Kc2 {[%emt 0:00:03]} Bb3+ {[%emt 0:00:59]} 51. Kd2 {[%emt 0:01:06]} Bd1 {[%emt 0:00:19]} 52. Ra1 {[%emt 0:03:33]} c4 {[%emt 0:00:21]} 53. Rxa2 {[%emt 0:00:09]} c3+ {[%emt 0:01:13]} 54. Ke1 {[%emt 0:00:23]} Kb3 {[%emt 0:01:03]} 55. Ra5 {[%emt 0:00:19]} b4 {[%emt 0:00:20]} 56. Rc5 {[%emt 0:00:23]} Kb2 {[%emt 0:00:29]} 57. Rc4 {[%emt 0:00:04]} b3 {[%emt 0:00:32]} 58. Rd4 {[%emt 0:02:26]} c2 {[%emt 0:00:29]} 59. Rd2 {[%emt 0:00:02]} Ka3 {[%emt 0:00:31]} 0-1